Taylor Swift Songs (Updated January 2026) - Statistics

General Stats
  • This quiz has been taken 776 times
    180 since last reset
  • The average score is 119 of 275
Answer Stats
Album # Song % Correct
Lover 3 Lover
87%
Fearless 3 Love Story
82%
1989 8 Bad Blood
80%
Fearless 1 Fearless
79%
Red 2 Red
79%
1989 6 Shake It Off
78%
Lover 16 ME!
77%
reputation 6 Look What You Made Me Do
76%
1989 2 Blank Space
75%
Fearless 6 You Belong With Me
75%
folklore 1 the 1
74%
The Life of a Showgirl 1 The Fate of Ophelia
73%
1989 3 Style
72%
folklore 2 cardigan
68%
Red 6 22
67%
The Life of a Showgirl 3 Opalite
67%
Speak Now 4 Speak Now
67%
Red 5 All Too Well
66%
Red 30 All Too Well (10 Minute Version)
66%
reputation 1 ...Ready For It?
65%
The Life of a Showgirl 12 The Life of a Showgirl
65%
1989 1 Welcome To New York
65%
Midnights 3 Anti-Hero
64%
folklore 8 august
64%
evermore 15 evermore
64%
Red 8 We Are Never Ever Getting Back Together
64%
1989 9 Wildest Dreams
64%
Red 4 I Knew You Were Trouble
63%
Midnights 1 Lavender Haze
63%
Lover 2 Cruel Summer
62%
Taylor Swift 1 Tim McGraw
62%
The Life of a Showgirl 2 Elizabeth Taylor
61%
The Tortured Poets Department 1 Fortnight
61%
Speak Now 15 Ours
61%
Midnights 11 Karma
60%
Midnights 4 Snow on the Beach
60%
The Tortured Poets Department 2 The Tortured Poets Department
59%
folklore 14 betty
58%
Speak Now 5 Dear John
57%
reputation 12 Dress
57%
reputation 2 End Game
57%
Taylor Swift 11 Our Song
57%
Lover 4 The Man
57%
evermore 1 willow
57%
reputation 5 Delicate
56%
1989 4 Out Of The Woods
56%
Taylor Swift 3 Teardrops On My Guitar
56%
Speak Now 3 Back To December
55%
evermore 2 champagne problems
55%
Speak Now 9 Enchanted
55%
Midnights 2 Maroon
55%
Speak Now 6 Mean
55%
Midnights 6 Midnight Rain
55%
Speak Now 1 Mine
55%
Lover 8 Paper Rings
55%
Taylor Swift 2 Picture To Burn
55%
1989 17 "Slut!"
55%
Lover 5 The Archer
55%
Lover 14 You Need To Calm Down
55%
reputation 4 Don't Blame Me
54%
reputation 9 Getaway Car
54%
Fearless 5 White Horse
54%
The Life of a Showgirl 9 Wood
54%
Midnights 9 Bejeweled
52%
Fearless 2 Fifteen
52%
reputation 8 Gorgeous
52%
folklore 4 exile
51%
folklore 5 my tears ricochet
51%
1989 16 New Romantics
51%
folklore 7 seven
51%
Speak Now 2 Sparks Fly
51%
The Life of a Showgirl 10 CANCELLED!
49%
1989 13 Clean
49%
Lover 11 London Boy
49%
reputation 15 New Year's Day
49%
Midnights 5 You're on Your Own Kid
49%
evermore 13 marjorie
48%
Lover 7 Miss Americana & The Heartbreak Prince
48%
evermore 6 no body, no crime
48%
The Tortured Poets Department 5 So Long, London
48%
The Tortured Poets Department 6 But Daddy I Love Him
47%
The Life of a Showgirl 5 Eldest Daughter
47%
reputation 3 I Did Something Bad
47%
The Tortured Poets Department 17 The Black Dog
47%
folklore 3 the last great american dynasty
47%
Speak Now 10 Better Than Revenge
46%
Lover 9 Cornelia Street
46%
Lover 18 Daylight
46%
Speak Now 12 Haunted
46%
The Tortured Poets Department 3 My Boy Only Breaks His Favorite Toys
46%
folklore 17 the lakes
46%
reputation 14 Call It What You Want
45%
Singles/Other 2019 Christmas Tree Farm
45%
The Tortured Poets Department 4 Down Bad
45%
Red 14 Everything Has Changed
45%
The Life of a Showgirl 4 Father Figure
45%
evermore 3 gold rush
45%
folklore 16 hoax
45%
folklore 10 illicit affairs
45%
Taylor Swift 13 Invisible
45%
1989 21 Is It Over Now?
45%
evermore 10 ivy
45%
reputation 10 King Of My Heart
45%
Speak Now 14 Long Live
45%
folklore 6 mirrorball
45%
Fearless 22 Mr. Perfectly Fine
45%
Red 21 Ronan
45%
The Tortured Poets Department 22 So High School
45%
Red 9 Stay Stay Stay
45%
Midnights 8 Vigilante Shit
45%
1989 14 Wonderland
45%
Midnights 19 Would've, Could've, Should've
45%
Red 24 Babe
44%
The Life of a Showgirl 11 Honey
44%
1989 12 I Know Places
44%
folklore 11 invisible string
44%
The Tortured Poets Department 28 Peter
44%
Midnights 7 Question...?
44%
reputation 13 This Is Why We Can't Have Nice Things
44%
The Tortured Poets Department 16 Clara Bow
43%
Speak Now 20 I Can See You
43%
evermore 16 right where you left me
43%
Red 1 State Of Grace
43%
Red 20 State Of Grace - Acoustic Version
43%
Speak Now 17 Superman
43%
The Tortured Poets Department 31 The Manuscript
43%
The Tortured Poets Department 14 The Smallest Man Who Ever Lived
43%
The Life of a Showgirl 8 Wi$h Li$t
43%
The Life of a Showgirl 7 Actually Romantic
42%
1989 5 All You Had To Do Was Stay
42%
evermore 11 cowboy like me
42%
Lover 1 I Forgot That You Existed
42%
The Tortured Poets Department 12 loml
42%
Taylor Swift 10 Mary's Song (Oh My My My)
42%
The Life of a Showgirl 6 Ruin the Friendship
42%
The Tortured Poets Department 19 The Albatross
42%
Lover 15 Afterglow
41%
Midnights 15 Bigger Than the Whole Sky
41%
Speak Now 21 Castles Crumbling
41%
evermore 8 dorothea
41%
The Tortured Poets Department 8 Florida!!!
41%
The Tortured Poets Department 13 I Can Do It with a Broken Heart
41%
Lover 17 It's Nice To Have A Friend
41%
Speak Now 13 Last Kiss
41%
Midnights 13 Mastermind
41%
1989 19 Now That We Don't Talk
41%
Lover 12 Soon You'll Get Better
41%
Speak Now 7 The Story Of Us
41%
1989 11 This Love
41%
evermore 9 coney island
40%
Fearless 4 Hey Stephen
40%
1989 10 How You Get The Girl
40%
The Tortured Poets Department 11 I Can Fix Him (No Really I Can)
40%
Midnights 16 Paris
40%
The Tortured Poets Department 15 The Alchemy
40%
folklore 9 this is me trying
40%
evermore 5 tolerate it
40%
The Tortured Poets Department 10 Who's Afraid of Little Old Me?
40%
Lover 10 Death By A Thousand Cuts
39%
Speak Now 18 Electric Touch
39%
Speak Now 11 Innocent
39%
Red 25 Message in a Bottle
39%
folklore 15 peace
39%
The Tortured Poets Department 30 Robin
39%
1989 20 Suburban Legends
39%
Midnights 14 The Great War
39%
The Tortured Poets Department 18 imgonnagetyouback
38%
folklore 12 mad woman
38%
1989 18 Say Don't Go
38%
The Tortured Poets Department 24 thanK you aIMee
38%
Speak Now 19 When Emma Falls In Love
38%
Midnights You're Losing Me
38%
The Tortured Poets Department 27 Cassandra
37%
Taylor Swift 5 Cold As You
37%
reputation 11 Dancing With Our Hands Tied
37%
Midnights 20 Dear Reader
37%
folklore 13 epiphany
37%
Lover 13 False God
37%
Midnights 18 Glitch
37%
The Tortured Poets Department 9 Guilty as Sin?
37%
evermore 7 happiness
37%
Taylor Swift 9 Should've Said No
37%
The Tortured Poets Department 29 The Bolter
37%
evermore 4 'tis the damn season
37%
Red 3 Treacherous
37%
1989 15 You Are In Love
37%
The Tortured Poets Department 20 Chloe or Sam or Sophia or Marcus
36%
Red 27 Forever Winter
36%
Collaborations 2016 I Don't Wanna Live Forever
36%
Midnights 10 Labyrinth
36%
The Taylor Swift Holiday Collection 1 Last Christmas
36%
Speak Now 8 Never Grow Up
36%
reputation 7 So It Goes...
36%
Speak Now 23 Timeless
36%
Taylor Swift 4 A Place in this World
35%
Red 16 Begin Again
35%
Red 22 Better Man
35%
Red 18 Come Back...Be Here
35%
Speak Now 22 Foolish One
35%
Fearless 11 Forever & Always
35%
Fearless 16 Forever & Always (Piano Version)
35%
The Tortured Poets Department 7 Fresh Out the Slammer
35%
Red 26 I Bet You Think About Me
35%
The Tortured Poets Department 25 I Look in People's Windows
35%
Red 28 Run
35%
Red Safe & Sound
35%
Red 15 Starlight
35%
Midnights 12 Sweet Nothing
35%
Fearless 10 The Way I Loved You
35%
Lover All of the Girls You Loved Before
34%
Fearless 7 Breathe
34%
evermore 17 it's time to go
34%
Fearless 12 The Best Day
34%
Red 10 The Last Time
34%
Fearless 26 Bye Bye Baby
33%
Fearless 13 Change
33%
evermore 14 closure
33%
Fearless 25 Don't You
33%
Midnights 21 Hits Different
33%
evermore 12 long story short
33%
Red 12 Sad Beautiful Tragic
33%
1989 Sweeter Than Fiction
33%
Fearless 19 The Other Side Of The Door
33%
Midnights 17 High Infidelity
32%
Lover 6 I Think He Knows
32%
1989 7 I Wish You Would
32%
Taylor Swift 8 Stay Beautiful
32%
The Tortured Poets Department 26 The Prophecy
32%
Fearless 20 Today Was A Fairytale
32%
Fearless 17 Come In With The Rain
31%
Red 19 Girl At Home
31%
Red 11 Holy Ground
31%
Speak Now 16 If This Was a Movie
31%
Taylor Swift 6 The Outside
31%
The Taylor Swift Holiday Collection 6 White Christmas
31%
Fearless 9 You're Not Sorry
31%
Red 23 Nothing New
30%
Fearless 18 Superstar
30%
Red 17 The Moment I Knew
30%
Red 29 The Very First Night
30%
Taylor Swift 7 Tied Together with a Smile
30%
Taylor Swift 14 A Perfectly Good Heart
29%
Red Eyes Open
29%
The Tortured Poets Department 23 I Hate It Here
29%
Taylor Swift 12 I'm Only Me When I'm With You
29%
Fearless 14 Jump Then Fall
29%
The Taylor Swift Holiday Collection 3 Santa Baby
29%
Red 13 The Lucky One
29%
Fearless 15 Untouchable
29%
Singles/Other 2022 Carolina
28%
The Tortured Poets Department 21 How Did It End?
28%
Singles/Other 2009 Crazier
27%
Red 7 I Almost Do
26%
Fearless 8 Tell Me Why
26%
Collaborations 2022 The Joker and the Queen
26%
Singles/Other 2008 Beautiful Eyes
25%
Singles/Other 2008 I Heart ?
25%
The Taylor Swift Holiday Collection 4 Silent Night
25%
Fearless 21 You All Over Me
25%
Fearless 24 That's When
24%
Fearless 23 We Were Happy
24%
Collaborations 2021 Gasoline
23%
Singles/Other 2020 Only The Young
23%
Collaborations 2021 Renegade
23%
Collaborations 2012 Both of Us
21%
The Taylor Swift Holiday Collection 2 Christmases When You Were Mine
20%
Collaborations 2013 Highway Don't Care
20%
Singles/Other 2019 Macavity
20%
Collaborations 2023 The Alcott
20%
Singles/Other 2019 Beautiful Ghosts
19%
Collaborations 2021 Birch
17%
The Taylor Swift Holiday Collection 5 Christmas Must Be Something More
17%
Collaborations 2010 Half Of My Heart
15%
Collaborations 2009 Two Is Better Than One
14%
Singles/Other 2018 September
6%
No matching quizzes found
Score Distribution
Percent of People with Each Score
Percentile by Number Answered
Your Score History
You have not taken this quiz since the last reset